The Economic Crisis and the State of Economics / (Record no. 17185)
[ view plain ]
| 000 -LEADER | |
|---|---|
| fixed length control field | 01396cam a2200277 a 4500 |
| 001 - CONTROL NUMBER | |
| control field | 15951074 |
| 005 - DATE AND TIME OF LATEST TRANSACTION | |
| control field | 20130131135010.0 |
| 008 - FIXED-LENGTH DATA ELEMENTS--GENERAL INFORMATION | |
| fixed length control field | 091019s2010 nyua b 001 0 eng |
| 020 ## - INTERNATIONAL STANDARD BOOK NUMBER | |
| International Standard Book Number | 0230102549 |
| 020 ## - INTERNATIONAL STANDARD BOOK NUMBER | |
| International Standard Book Number | 9780230102545 |
| 082 00 - DEWEY DECIMAL CLASSIFICATION NUMBER | |
| Classification number | 330.9 |
| Edition number | 22 |
| Item number | ECO |
| 245 04 - TITLE STATEMENT | |
| Title | The Economic Crisis and the State of Economics / |
| Statement of responsibility, etc | edited by Robert Skidelsky and Christian Westerlind Wigstrom. |
| 250 ## - EDITION STATEMENT | |
| Edition statement | 1st ed. |
| 260 ## - PUBLICATION, DISTRIBUTION, ETC. (IMPRINT) | |
| Place of publication, distribution, etc | New York : |
| Name of publisher, distributor, etc | Palgrave Macmillan, |
| Date of publication, distribution, etc | 2010. |
| 300 ## - PHYSICAL DESCRIPTION | |
| Extent | xiv, 123 p. : |
| Other physical details | ill. ; |
| Dimensions | 22 cm. |
| 504 ## - BIBLIOGRAPHY, ETC. NOTE | |
| Bibliography, etc | Includes index. |
| 505 0# - FORMATTED CONTENTS NOTE | |
| Formatted contents note | Risk and uncertainty / Paul Davidson -- Lessons from statistical finance / Marc Potters -- Ambiguity and economic activity : implications for the current crisis in credit markets / Sujoy Mukerji -- Macro-economic failures / Charles Goodhardt -- Hayek : another perspective / Meghnad Desai -- Globalization and the current crisis / Christopher Bliss -- Global imbalances / Vijay Joshi -- Knowledge in economics / John Kay -- Models and metaphors / Richard Bronk -- Economics and morals / Edward Skidelsky. |
| 650 #0 - SUBJECT ADDED ENTRY--TOPICAL TERM | |
| Topical term or geographic name as entry element | Global Financial Crisis, 2008-2009. |
| 9 (RLIN) | 32197 |
| 650 #0 - SUBJECT ADDED ENTRY--TOPICAL TERM | |
| Topical term or geographic name as entry element | Economic history |
| Chronological subdivision | 21st century. |
| 9 (RLIN) | 30303 |
| 650 #0 - SUBJECT ADDED ENTRY--TOPICAL TERM | |
| Topical term or geographic name as entry element | Economics. |
| 9 (RLIN) | 32198 |
| 650 #0 - SUBJECT ADDED ENTRY--TOPICAL TERM | |
| Topical term or geographic name as entry element | Recessions. |
| 9 (RLIN) | 32199 |
| 653 ## - INDEX TERM--UNCONTROLLED | |
| Resource For college | |
| Arrived date list | January2013 |
| 700 1# - ADDED ENTRY--PERSONAL NAME | |
| Personal name | Skidelsky, Robert, |
| Dates associated with a name | 1939- |
| 9 (RLIN) | 32200 |
| 700 1# - ADDED ENTRY--PERSONAL NAME | |
| Personal name | Wigstrom, Christian Westerlind. |
| 9 (RLIN) | 32201 |
| 942 ## - ADDED ENTRY ELEMENTS (KOHA) | |
| Source of classification or shelving scheme | Dewey Decimal Classification |
| Item type | Book - Borrowing |
| Withdrawn status | Item status | Source of classification or shelving scheme | Damaged status | Not for loan | Vendor | Home library | Current library | Shelving location | Date acquired | Source of acquisition | Cost, normal purchase price | Serial Enumeration / chronology | Total Checkouts | Total Renewals | Full call number | Barcode | Date last seen | Date last borrowed | Koha item type |
|---|---|---|---|---|---|---|---|---|---|---|---|---|---|---|---|---|---|---|---|
| Dewey Decimal Classification | THe Middle East Observer | Central Library | Central Library | First floor | 31/01/2013 | 300.00 | 001339 | 3 | 3 | 330.9 ECO | 000027947 | 15/07/2025 | 28/10/2014 | Book - Borrowing |